Research in higher education
| Corporate Author: | |
|---|---|
| Format: | Electronic Journal |
| Language: | English |
| Published: |
New York, N.Y. :
APS Publications,
1973-
[New York] : Human Sciences Press [Dordrecht] : Springer Netherlands |
| Subjects: | |
| Online Access: | Full text available from Research Library: 02/01/1997 to 1 year ago |
MARC
| LEADER | 00000nas a2200000 a 4500 | ||
|---|---|---|---|
| 001 | ssj0007116 | ||
| 003 | WaSeSS | ||
| 005 | 20200512172242.0 | ||
| 006 | m d | ||
| 007 | cr n | ||
| 008 | 980507c19739999ne bx p s 0 a0eng c | ||
| 010 | |a 2004233745 | ||
| 015 | |a 17,O11 |2 dnb | ||
| 016 | 7 | |a 020377282 |2 DE-101 | |
| 016 | 7 | |a 2012079-5 |2 DE-600 | |
| 022 | |a 1573-188X |l 0361-0365 |y 0361-0365 | ||
| 030 | |a RHEDAT | ||
| 035 | |a (WaSeSS)ssj0007116 | ||
| 040 | |a F#A |b eng |e pn |c F#A |d OCL |d OCLCQ |d MUQ |d OCLCQ |d GUA |d DLC |d EYM |d MYG |d OCLCQ |d BUF |d OCLCQ |d OCLCF |d OCLCO |d VT2 |d OCLCQ |d OCLCA |d DEBBG |d WT2 |d GWDNB |d GILDS |d OCLCQ |d TOF |d OCLCO |d WYU |d DLC |d NJT |d OCLCE |d LGG |d CUS |d FIE |d NZAUC |d EZC |d NTG |d AU@ |d UKBTH |d OCLCO |d OCLCQ |d WaSeSS | ||
| 042 | |a pcc |a dlr | ||
| 050 | 0 | 0 | |a LB2331.63 |
| 082 | 0 | 4 | |a 378.0072 |
| 130 | 0 | |a Research in higher education (Online) | |
| 245 | 1 | 0 | |a Research in higher education |h [electronic resource]. |
| 260 | |a New York, N.Y. : |b APS Publications, |c 1973- | ||
| 260 | 2 | |3 -Aug. 2004 : |a [New York] : |b Human Sciences Press | |
| 260 | 3 | |3 Sept. 2004- : |a [Dordrecht] : |b Springer Netherlands | |
| 310 | |a Eight issues a year, |b 2004- | ||
| 321 | |a Bimonthly, |b -2003 | ||
| 362 | 1 | |a Began with: Vol. 1, no. 1 (1973). | |
| 506 | |a License restrictions may limit access. | ||
| 538 | |a Master and use copy. Digital master created according to Benchmark for Faithful Digital Reproductions of Monographs and Serials, Version 1. Digital Library Federation, December 2002. |u http://purl.oclc.org/DLF/benchrepro0212 |5 MiAaHDL | ||
| 550 | |a Journal of the Association for Institutional Research. | ||
| 583 | 1 | |a digitized |c 2010 |h HathiTrust Digital Library |l committed to preserve |2 pda |5 MiAaHDL | |
| 588 | |a Description based on: Vol. 1, no. 1 (Mar. 1973); title from journal contents screen (SpringerLink, viewed Oct. 22, 2009). | ||
| 588 | |a Latest issue consulted: Vol. 59, no. 59 (Dec. 2018) (SpringerLink website, viewed Jan. 17, 2019). | ||
| 650 | 0 | |a Education, Higher |v Periodicals. | |
| 650 | 6 | |a Enseignement supérieur |x Recherche |v Périodiques | |
| 650 | 7 | |a Education, Higher. |2 fast |0 (OCoLC)fst00903005 | |
| 650 | 1 | 7 | |a Hoger onderwijs. |2 gtt |
| 655 | 0 | |a Electronic journals. | |
| 710 | 2 | |a Association for Institutional Research. | |
| 776 | 0 | 8 | |i Print version: |t Research in higher education |x 0361-0365 |w (DLC) 76647964 |w (OCoLC)1604288 |
| 850 | |a DLC | ||
| 856 | 4 | 0 | |z Full text available from Research Library: 02/01/1997 to 1 year ago |u https://search.proquest.com/publication/54013 |